00263nam a2200109Ia 4500008004100000082001500041100001700056245003800073260002600111300000800137650000800145191201s2006 xx 000 0 und d a658.8bPAS aPANDA, Tapan 0aSales and Distribution Management aN.DelhibOxfordc2006 a698 aMBA